zpět

Detail výsledku týmu

Cabaret des Péches, Brno

Datum a čas kvízu

22.5 Celkem bodů Celkový počet nahraných bodů na tomto kvízu bez doplňovacích otázek.
7. Pořadí na kvízu Konečné umístění týmu na tomto kvízu.

Zaznamenané odpovědi

# Otázka Odpověď Body Výsledky
1. Minulý týden vyšla zpráva o to... špatné parkování elektrokoloběžek 0
2. Poblíž které metropole došlo v... poblíž Sydney 1
3. Slavný čtyřiačtyřicetiletý ame... Ye / Kanye West 1
4. Známý šéfkuchař Přemek Forejt... McDonald’s 1
5. Brněnští hokejoví fanoušci měl... 2:1 0
6. Začneme v Africe. Konžské král... Zair 0
7. Že Cejlon byl v roce 1972 přej... C 0
8. Thajsko je jedinou zemí jihový... Siam, Město Andělů 0
9. Zřejmě víte, že na území dnešn... Robinson Crusoe 0
10. Vzpomenete si na jednoslovný n... Jugoslávie 1